<?xml version='1.0' encoding='UTF-8'?>
  <record xmlns="http://www.loc.gov/MARC21/slim">
    <leader>00000cam a22000007i 4500</leader>
    <controlfield tag="001">ocm66861358</controlfield>
    <controlfield tag="003">OCoLC</controlfield>
    <controlfield tag="005">20250226023158.4</controlfield>
    <controlfield tag="008">031214s1598    gw            000 0 ger d</controlfield>
    <datafield tag="040" ind1=" " ind2=" ">
      <subfield code="a">NLGGC</subfield>
      <subfield code="b">dut</subfield>
      <subfield code="e">fobidrtb</subfield>
      <subfield code="c">NLGGC</subfield>
      <subfield code="d">OCLCL</subfield>
      <subfield code="d">OCLCQ</subfield>
    </datafield>
    <datafield tag="029" ind1="0" ind2=" ">
      <subfield code="a">NLGGC</subfield>
      <subfield code="b">257943692</subfield>
    </datafield>
    <datafield tag="035" ind1=" " ind2=" ">
      <subfield code="a">(OCoLC)66861358</subfield>
    </datafield>
    <datafield tag="100" ind1="1" ind2=" ">
      <subfield code="a">Salerius, Adolphus.</subfield>
    </datafield>
    <datafield tag="245" ind1="1" ind2="0">
      <subfield code="a">Historische Beschreybung deren glaubwürdigsten Handelen unnd Geschichten dwelcke sich in Franckreich, Italien, Oestreich unnd Ungern wie imgleichen in Hoch unnd Nieder Teutschlandt auch sonsten hin und wider von verlitten Herbstmessen Neuntzig sieben, biss auff die Ostermess dieses jetzigen Jars Neuntzig acht zugetragen hat /</subfield>
      <subfield code="c">alles trewlich auffs kurtzeste beschrieben und in diese Ordnung bracht durch Adolphum Salerium.</subfield>
    </datafield>
    <datafield tag="260" ind1=" " ind2=" ">
      <subfield code="a">Gedruckt zu Cölln :</subfield>
      <subfield code="b">bey Herman Hoberg,</subfield>
      <subfield code="c">1598.</subfield>
    </datafield>
    <datafield tag="300" ind1=" " ind2=" ">
      <subfield code="a">[8], 44 p. ;</subfield>
      <subfield code="c">20 cm.</subfield>
    </datafield>
    <datafield tag="336" ind1=" " ind2=" ">
      <subfield code="a">tekst</subfield>
      <subfield code="b">txt</subfield>
      <subfield code="2">rdacontent/dut</subfield>
    </datafield>
    <datafield tag="337" ind1=" " ind2=" ">
      <subfield code="a">zonder medium</subfield>
      <subfield code="b">n</subfield>
      <subfield code="2">rdamedia/dut</subfield>
    </datafield>
    <datafield tag="338" ind1=" " ind2=" ">
      <subfield code="a">band</subfield>
      <subfield code="b">nc</subfield>
      <subfield code="2">rdacarrier/dut</subfield>
    </datafield>
    <datafield tag="510" ind1="0" ind2=" ">
      <subfield code="a">Van Someren 217</subfield>
    </datafield>
    <datafield tag="758" ind1=" " ind2=" ">
      <subfield code="a">Historische Beschreybung deren glaubwürdigsten Handelen unnd Geschichten dwelcke sich in Franckreich, Italien, Oestreich unnd Ungern wie imgleichen in Hoch unnd Nieder Teutschlandt auch sonsten hin und wider von verlitten Herbstmessen Neuntzig sieben, biss auff die Ostermess dieses jetzigen Jars Neuntzig acht zugetragen hat (Text)</subfield>
      <subfield code="1">https://id.oclc.org/worldcat/entity/E39PCYdvytw6RqtvgRHGKpc7BK</subfield>
      <subfield code="4">https://id.oclc.org/worldcat/ontology/hasWork</subfield>
    </datafield>
    <datafield tag="936" ind1=" " ind2=" ">
      <subfield code="a">BATCHLOAD</subfield>
    </datafield>
  </record>